Statistics for Name a capital of valid South American country

Click here to take the quiz!

General Stats

  • This quiz has been taken 98 times
  • The average score is 13 of 15

Answer Stats

Capital of South AmericanAnswer% Correct
Biggest countryBrasilia
100%
Richest countryBrasilia
100%
Country that leads the world with lagrest cocaine tradeBogota
93%
Country that most of its territory has in
geographic region Patagonia
Buenos Aires
93%
Country that won award for
Worlds leading culinary and cultural destination
Lima
93%
Country with lowest corruptionMontevideo
93%
Country with most islandsSantiago
93%
Country that owns Galapagos IslandsQuito
92%
Country that is biggest oil exporter after BrazilCaracas
90%
Country where the highest waterfalls areCaracas
90%
Country that is n1 producer of organic sugarAsuncion
82%
Country where English is official languageGeorgetown
76%
Smallest countryParamaribo
76%
Poorest countryParamaribo
76%
Country where Uyuni salt flat is locatedSucre
75%

Score Distribution

Percentile by Number Answered

Percent of People with Each Score

Your Score History

You have not taken this quiz